King Gnu's Discography - Statistics

General Stats
  • This quiz has been taken 79 times
  • The average score is 42 of 58
Answer Stats
No. Answer % Correct
5 白日 (Hakujitsu)
95%
4 SPECIALZ
95%
5 一途 (Ichizu)
92%
1 Tokyo Rendez-Vous
92%
4 Vinyl
92%
3 Flash!!!
90%
7 飛行艇 (Hikoutei)
90%
7 逆夢 (Sakayume)
90%
4 Sorrows
90%
1 Sympa Ⅰ
90%
5 Sympa Ⅱ
90%
9 Sympa Ⅲ
90%
18 BOY
87%
2 CHAMELEON
87%
10 Prayer X
87%
3 Teenager Forever
87%
17 雨燦々 (Ame Sansan)
82%
1 MIRROR
82%
20 三文小説 (Sanmon Shosetsu)
82%
2 Slumberland
82%
13 Sympa Ⅳ
82%
2 どろん (Doron)
79%
12 The hole
79%
11 Bedtown
77%
10 傘 (Kasa)
77%
2 McDonald Romance
77%
6 Hitman
74%
(single) (ꉈꀧ꒒꒒ꁄꍈꍈꀧ꒦ꉈ ꉣꅔꎡꅔꁕꁄ) W●RK
74%
4 ユーモア (Humor)
72%
11 千両役者 (Senryo Yakusha)
72%
11 壇上 (Danjou)
69%
7 NIGHT POOL
69%
3 DARE??
67%
(single) ねっこ(Nekko)
67%
10 ):阿修羅:( (Asura)
64%
6 δ (Delta)
64%
6 ロウラヴ (LowLove)
64%
14 2 M O Я O
62%
7 Don't Stop the Clocks
62%
5 破裂 (Haretsu)
62%
1 開会式 (Kaikaishiki)
62%
9 Overflow
62%
8 サマーレイン・ダイバー (Summer Rain Diver)
62%
16 SUNNY SIDE UP
62%
12 閉会式 (Heikaishiki)
59%
8 It's a small world
59%
6 幕間 (Makuai)
59%
(single) MASCARA
59%
13 泡 (Abuku)
56%
12 硝子窓 (Garasu Mado)
56%
8 IKAROS
56%
21 ЯOЯЯIM
56%
15 STARDOM
54%
? (appears in live album) VIVID RED
54%
9 W●RKAHOLIC
54%
8 小さな惑星 (Chiisana Wakusei)
51%
3 あなたは蜃気楼 (Anataha Shinkorou)
49%
19 仝 (Dou)
38%
No matching quizzes found
Score Distribution
Percent of People with Each Score
Percentile by Number Answered
Your Score History
You have not taken this quiz